000 00293nam a22001337a 4500
008 170907b xxu||||| |||| 00| 0 eng d
020 _a1557690006
041 _aeng
080 _a621
100 _a27
101 _aIM
245 _aINDUSTRIAL HYDRAULIC TECHNOLOGY
_cPARKER
942 _2udc
_cBK
999 _c26572
_d26572